000 01643nam a2200253 a 4500
001 000027800
003 DO-SdBNP
005 20220823125740.0
007 ta
008 110405s1996 dr 000 0 spa d
040 _aDO-SdBNP
_bspa
_cBNPHU
082 _222
_a056.0216
_bB219
245 0 0 _aBanreservas :
_bun legado /
_ccompilador Eligio Bisonó B.
260 _aSanto Domingo :
_bBanreservas,
_c1996.
300 _a66 p. :
_bil. ;
_c23 cm.
490 1 _aBanreservas
505 0 _aIglesias, capillas y ermitas coloniales / María Ugarte -- La portada de la Catedral de Santo Domingo / José M. Batlle Pérez -- Don Sebastián Ramírez de Fuenleal, Obispo y legislador / José Luis Sáez, S.J -- El último tren de Sánchez. Cuentos y vivencias de mi Pueblo / Rafael Jiménez Espino -- El canto de tradición oral de República Dominicana / Bernarda Jorge -- Por los trillos del arte. Vivencias, semblanzas e inquietudes / Aída Bonnelly -- Trujillo, Villa Francisca y otros fantasmas / Marcio Veloz Maggiolo -- El cinturón verde de la Ciudad de Santo Domingo -- Marcado por el mar / Armando Almánzar -- Memoria del azar / Enriquillo Sánchez -- Dramas y comedias en ocho obras teatrales / Arturo Rodríguez Fernández -- La responsabilidad de la banca en el lavado de dinero / Laura Arzeno E, Ilona de la Rocha -- Bases de la colección Banreservas.
590 _aInventariado, 2022/BT
650 _2Publicaciones seriadas
_xCatálogos
_zRepública Dominicana
_981413
700 1 _aBisonó B., Eligio,
_d1941-
_ecomp.
_954877
710 2 _aBanco de Reservas de la República Dominicana
_96285
910 _aBtavárez
942 _2ddc
_cLBS1
999 _c27292
_d27292